000 01018nam a2200253 a 4500
001 BRCA_2225
005 20190320203724.0
008 860318s1986 nyua---##b---#001-0#eng-#
020 _a0870706187
040 _aDLC
_cDLC
_dDLC
050 4 _aN6810.V5
_b.V37 1986
100 1 _aVarnedoe, Kirk
_d1946-
_96692
245 1 0 _aVienna 1900
_bArt, Architecture, Desing
_cKirk Varnedoe.
260 _aNew York
_bMuseum of Modern Art : Graphic Society Books : Little, Brown
_c1986.
300 _a264 p.
_bil. (algunas a color)
_c29 cm.
500 _aCatálogo de la exposición realizada en el Museum of Modern Art (New York), 3 julio - 21 octubre, 1986
500 _aIncluye índice alfabético y cronología
504 _aBibliografía: p. 245-256.
650 1 4 _aArt Nouveau
_vExposiciones.
_zAustria
_96693
650 1 4 _aArte australiano
_vExposiciones.
_ySiglo XIX
_zAustria
_96694
651 4 _aVienna (Austria)
_vExposiciones.
_xCivilización
_96695
710 2 _aMuseum of Modern Art (New York, N.Y.)
_96696
942 _2lcc
_cB
999 _c1977
_d1977